|
|
|
|
| LEADER |
00000nam2a2200000 4500 |
| 001 |
220810 |
| 005 |
20231031195508.0 |
| 035 |
|
|
|a (RuTPU)RU\TPU\book\240944
|
| 035 |
|
|
|a RU\TPU\book\208287
|
| 035 |
|
|
|a RU\TPU\book\208288
|
| 035 |
|
|
|a RU\TPU\book\240944
|
| 090 |
|
|
|a 220810
|
| 100 |
|
|
|a 20110201d1989 k y0rusy50 ca
|
| 101 |
0 |
|
|a rus
|
| 102 |
|
|
|a RU
|
| 105 |
|
|
|a a z 001zy
|
| 200 |
0 |
|
|a Вып. 17 : Проблемы прочности и технологии в машиностроении
|
| 210 |
|
|
|d 1989
|
| 320 |
|
|
|a Библиогр. в конце ст.
|
| 461 |
|
1 |
|0 (RuTPU)RU\TPU\book\129557
|t Научно-технический прогресс в машиностроении
|o сборник статей
|f Международный центр научной и технической информации ; Академия наук СССР (АН СССР), Институт машиноведения им. А. А. Благонравова ; под ред. К. В. Фролова
|v Вып. 17 : Проблемы прочности и технологии в машиностроении
|d 1987-
|s Информационное обеспечение комплексной программы научно-технического прогресса стран - членов СЭВ
|
| 610 |
1 |
|
|a машиностроение
|
| 610 |
1 |
|
|a упрочненные поверхности
|
| 610 |
1 |
|
|a упрочнение
|
| 610 |
1 |
|
|a технология
|
| 610 |
1 |
|
|a материалоемкость
|
| 610 |
1 |
|
|a прочность
|
| 610 |
1 |
|
|a надежность
|
| 610 |
1 |
|
|a детали машин
|
| 610 |
1 |
|
|a полимерные композиционные материалы
|
| 610 |
1 |
|
|a магнитоупругость
|
| 610 |
1 |
|
|a напряженно-деформированное состояние
|
| 610 |
1 |
|
|a машиностроение
|
| 610 |
1 |
|
|a упрочненные поверхности
|
| 610 |
1 |
|
|a упрочнение
|
| 610 |
1 |
|
|a технология
|
| 610 |
1 |
|
|a материалоемкость
|
| 610 |
1 |
|
|a прочность
|
| 610 |
1 |
|
|a надежность
|
| 610 |
1 |
|
|a детали машин
|
| 610 |
1 |
|
|a полимерные композиционные материалы
|
| 610 |
1 |
|
|a магнитоупругость
|
| 610 |
1 |
|
|a напряженно-деформированное состояние
|
| 675 |
|
|
|a 621.002:658.589
|v 3
|
| 675 |
|
|
|a 621.01:539.4
|v 3
|
| 801 |
|
1 |
|a RU
|b 63413507
|c 20120903
|
| 801 |
|
2 |
|a RU
|b 63413507
|c 20161216
|g RCR
|
| 942 |
|
|
|c BK
|